| 000 | 01408nam0a22002651 4500 | ||
|---|---|---|---|
| 001 | rc\4588145 | ||
| 005 | 20250612124529.0 | ||
| 021 |
_aRU _b[67-64192] |
||
| 035 | _a(NLR Aleph) 008660278 | ||
| 090 |
_a9057112 _c9057112 |
||
| 100 | _a20130416d1967 |||y0rusy50 ca | ||
| 101 | 0 | _arus | |
| 102 | _aRU | ||
| 105 | _ay z ||||| | ||
| 200 | 1 |
_aТезисы докладов _fЦентр. и Хабар. краев. правл. Науч.-техн. о-ва сел. хоз-ва. М-ва мелиорации и водного хоз-ва СССР, РСФСР. М-во сел. хоз-ва РСФСР. Упр. мелиорации и водного хоз-ва Хабар. крайисполкома. Науч.-техн. конференция "Мелиорация земель в районах Дальнего Востока". 25-28 июля 1967 г. Хабаровск |
|
| 210 |
_aМосква _cБ. и. _d[1967] |
||
| 215 |
_a154 с. _d21 |
||
| 606 |
_aМелиорация _yДальний Восток СССР _jТезисы докладов _2psbo |
||
| 710 | 1 | 2 |
_a"Мелиорация земель в районах Дальнего Востока", научно-техническая конференция _eХабаровск _f1967 _9485074 _3RU\NLR\AUTH\880409590 |
| 801 | 0 |
_aRU _bNLR _gpsbo |
|
| 801 | 1 |
_aRU _bELAR _2rusmarc |
|
| 852 |
_aNLR _j67-5/3687 |
||
| 942 | _cBOOK | ||
| 980 | _aNB | ||